000 00821nam a22002175i 4500
001 172274
003 ES-MaACL
005 20230906214846.0
008 090623s2006 ve |||| | spa d
020 _a980-396-268-X000
080 _a929 Briceño Iragorry, Mario
100 1 _aBriceño Picón, Beatriz.
_9140820
245 1 0 _aMario Briceño Iragorry
_b: trujillano universal que murió de mal de patria, 1947 /
_ctexto, recopilación y notas: Beatriz Briceño Picón.
260 _aCaracas :
_bFundación Editorial el Perro y la Rana,
_c2006.
300 _a73 p. ;
_c22 cm.
490 1 _aColección premios nacionales de cultura
600 1 4 _aBriceño Irigorry, Mario.
_931684
830 0 _aColección premios nacionales de cultura
_9223277
852 _aES-MaACL
_j2251-F-9
_9R.144170
999 _c172274
_d172274